Ανάπλους : διηγήματα και νουβέλες
Αποθηκεύτηκε σε:
| Κύριος συγγραφέας: | |
|---|---|
| Μορφή: | Βιβλίο |
| Γλώσσα: | Greek |
| Δημοσίευση: |
Λευκωσία :
Αλάσια,
1992
|
| Θέματα: | |
| Ετικέτες: |
Προσθήκη ετικέτας
Δεν υπάρχουν, Καταχωρήστε ετικέτα πρώτοι!
|
MARC
| LEADER | 00000cam a2200000 i 4500 | ||
|---|---|---|---|
| 001 | 1/15805 | ||
| 008 | 111017s1992 gre d | ||
| 020 | |a 9963-583-03-2 | ||
| 035 | |l 10111128 | ||
| 040 | |a GR-MY-UA |b gre |e aacr | ||
| 041 | 0 | |a gre | |
| 082 | 0 | |a 889.36 |2 (22) | |
| 100 | 1 | |a Ιωαννίδης, Πάνος, |d 1935- | |
| 245 | 1 | 0 | |a Ανάπλους : |b διηγήματα και νουβέλες / |c Πάνος Ιωαννίδης |
| 260 | |a Λευκωσία : |b Αλάσια, |c 1992 | ||
| 300 | |a 2 τ.; |c 24 εκ. | ||
| 505 | 0 | |a τ.1: Νουβέλες και διηγήματα 1964-1972.- τ.2: Νουβέλες και διηγήματα 1979-1988 | |
| 650 | 0 | 0 | |a Short stories, Greek (Modern) |
| 650 | 0 | 0 | |a Greek literature, Modern |y 20th century. |
| 852 | |a INST |b RHODES |e 20111017 |h 889.36 ΙΩΑ |p 005400033746 |q 005400033746 |t BK |y 0 |z τ.1 | ||
| 852 | |a INST |b RHODES |e 20111017 |h 889.36 ΙΩΑ |p 005400033747 |q 005400033747 |t BK |y 0 |z τ.2 | ||
| 852 | |a INST |b RHODES |e 20111017 |h 889.36 ΙΩΑ |p 005400033746 |q 005400033746 |t BK |v τ.1: |y 0 |z τ.1 | ||
| 852 | |a INST |b RHODES |e 20111017 |h 889.36 ΙΩΑ |p 005400033747 |q 005400033747 |t BK |v τ.2: |y 0 |z τ.2 | ||
| 853 | |a INST |b RHODES |h 889.36 ΙΩΑ | ||
| 901 | |a BIBL4-2011-3 | ||
| 909 | |a Ρ |b 170383 | ||
| 909 | |a Ρ |b 170381 | ||
| 922 | |a 4ΕΛΗ | ||
| 970 | |z 2011/10/17 | ||